Acteurs du film Les Trois Mousquetaires par images - Statistiques

Statistiques générales
  • Ce quiz a été pris 97 fois
  • Le résultat moyen est 6 sur 9
Statistiques - réponses
Par images Hint Réponse % Correct
Athos Vincent Cassel
97%
D'Artagnan François Civil
94%
Milady de Winter Eva Green
80%
Aramis Romain Duris
80%
Porthos Pio Marmaï
77%
Louis XIII Louis Garrel
67%
Constance Bonacieux Lyna Khoudri
34%
le Réalisateur Martin Bourboulon
24%
Anne d'Autriche Vicky Krieps
18%
Aucun quiz correspondant
Distribution des résultats
% des personnes avec chaque résultat
Percentile par nombre de réponses
Votre historique - résultats
Vous n’avez pas pris ce quiz